Missing Word: Initialisms II Quiz Stats

Quiz Updated Jun 15, 2017

Challenge
Share
Tweet
Embed
Score 0/20 Timer 03:00
1 Play Today
Phrase Word % Correct
_______ Identification NumberPersonal
97.4%
Rest in _____Peace
96.8%
____ Important PersonVery
96.4%
Unidentified ______ ObjectFlying
95.9%
Central ____________ AgencyIntelligence
95.4%
Prisoner of ___War
94.9%
____ Our SoulsSave
93.8%
Hazardous ________Material
92.4%
Pounds Per ______ InchSquare
91.2%
Meals _____ to EatReady
90.1%
Phrase Word % Correct
______ DiskCompact
83.9%
National _____ AssociationRifle
81.4%
Répondez S'il ____ PlaîtVous
74.6%
____ Improvement PlanZone
74.2%
Intelligence ________Quotient
73.4%
Light ________ DiodeEmitting
65.4%
Sun Protection ______Factor
64.6%
_____ Detection And RangingRadio
46.4%
Stop Online ______ ActPiracy
41.4%
Sound __________ And RangingNavigation
19%

Today's Daily Dose

Word Ladder
KISS Hit

On This Day
January 22nd

You're not logged in!

Compare scores with friends on all Sporcle quizzes.
Sign Up with Email
OR
Log In

You Might Also Like...

Show Comments

Extras

Top Quizzes Today


Score Distribution

Your Account Isn't Verified!

In order to create a playlist on Sporcle, you need to verify the email address you used during registration. Go to your Sporcle Settings to finish the process.